000 00693nam a2200193 i 4500
001 78009
003 ES-MaACL
005 20230906173509.0
007 t|
008 041008s1969 sp ||||1| spa d
100 1 _aGutton, Francis.
_961254
245 1 3 _aLa caballería militar de España
_b: la Orden de Calatrava /
_cFrancis Gutton ; Juan Antonio Muñoz Gallardo, presbítero traductor.
260 _aMadrid :
_bEl Reino,
_c[1969]
300 _a188 p., 3 lám. ;
_c22 cm.
594 _aPrecede al tít.: Comisiones de Historia de la Orden del Cister.
610 2 4 _aOrden de Calatrava.
_9138598
700 1 _aMuñoz Gallardo, Juan Antonio.
_984419
852 _aES-MaACL
_jC-46134
_bR.72301
999 _c78009
_d78009